LEADER 01342nam0 2200313 i 450 001 VAN00002808 005 20240806100218.186 020 $aIT$b84 300 100 $a20020704d1983 |0itac50 ba 101 $aita 102 $aIT 105 $a|||| ||||| 200 1 $aˆLa ‰scriminante dell'art. 51 Cp e le libertà costituzionali$fAlessio Lanzi 210 $aMilano$cGiuffrè$d1983 215 $a108 p.$d25 cm. 410 1$1001VAN00004293$12001 $aPubblicazioni della Facoltà di giurisprudenza. Nuova serie$fUniversità degli studi di Parma$1210 $aPadova$cCEDAM.$v53 517 1$3VAN00077477$aˆLa ‰scriminante dell'articolo cinquantuno Cp e le liberta costituzionali 606 $aNorma penale$3VANC002007$2FI 606 $aPunibilita$3VANC002008$2FI 620 $dMilano$3VANL000284 676 $a345$cDiritto Penale$v21 700 1$aLanzi$bAlessio$3VANV001967$0114847 712 $aGiuffrè $3VANV109181$4650 801 $aIT$bSOL$c20251114$gRICA 899 $aBIBLIOTECA DEL DIPARTIMENTO DI GIURISPRUDENZA$1IT-CE0105$2VAN00 912 $aVAN00002808 950 $aBIBLIOTECA DEL DIPARTIMENTO DI GIURISPRUDENZA$d00CONS XIV.Ea.9 $e00 1198 20020704 996 $aScriminante dell'art. 51 c.p. e le libertà costituzionali$9646354 997 $aUNICAMPANIA